| 000 | 01395nam a2200241Ia 4500 | ||
|---|---|---|---|
| 003 | Ost | ||
| 005 | 20260507075734.0 | ||
| 008 | 260507s9999||||xx |||||||||||||| ||und|| | ||
| 020 | _a9772793504 | ||
| 040 | _cfsecg | ||
| 041 | _aara | ||
| 082 | _a658.15 | ||
| 100 |
_aعليوة، السيد _eمؤلف |
||
| 245 | 0 |
_aالادارة المالية الحديثة ودراسات الجدوى الاقتصادية / _c السيد عليوة |
|
| 260 |
_aالقاهرة: _bدار الأمين, _c2003 |
||
| 300 |
_a229 صفحة؛ _bإيضاحات ؛ _c24 سم |
||
| 520 | _aالادارة المالية الحديثة،كيف تقرأ الميزانية،التخطيط، المعادلة المحاسبية،كشف الحساب الختامي،المراقبة الداخلية لمخازن الحكومة،دراسات الجدوى للمشروعات والتي تحتوي مفاهيم دراسة الجدوى للمشروعات،دراسة الجدوى التسويقية للمشروعات،دراسة الجدوى المالية للمشروعات،الإطار العام للدراسات الفنية والهندسية للمشروعات،تقييم المشروعات بالمؤشرات الإقتصادية | ||
| 653 | _aالإدارة المالية | ||
| 653 | _aالمشروعات | ||
| 653 | _aالميزانية | ||
| 653 | _aدراسة الجدوى | ||
| 942 | _cكتاب | ||
| 999 |
_c46067 _d46067 |
||